000 01036nam a22002777a 4500
005 20170123162318.0
010 _aA-842642
020 _c15.00
_a8172014449
035 _aA-842642
037 _bCen Lib/Ret
040 _aDPL
_bUR
082 _a841.092
_bح ب ع
100 _aایس. ایل . سادھوی
_953613
245 _aحبہ خاتون /
_cایس. ایل . سادھوی ؛ مرتجام موحمد ضمن آزردہ
246 _aHaba Kahtoon /
_bby S.L. Sadhvi ; tranlsted by Mohamamd zaman Azradah
260 _bساہتیہ اکادمی
_c1993
_a دہلی
270 _aرویندرا بھوں ٣٥، فیروز شاہ مارگ
_b دہلی
_e110001
300 _a63p.
_c21cm(Hb)
500 _aکتابیات شامل
650 _aاردو ادب
_9115897
650 _aاردو سوانے عمری
_9115898
650 _aUrdu literature
_9115899
650 _aUrdu biography
_9511
700 _aموحمد ضمن آزردہ
_9109505
942 _2ddc
_cUR
_h841.092
_mح ب ع
999 _c106892
_d106892